000 00319nam a2200145Ia 4500
999 _c5594
_d5594
003 OSt
008 191201s2013 xx 000 0 und d
100 _aNEVILLE,AM
245 0 _aConcrete Technology
250 _aRep
260 _aN. delhi
_bpearson
_c2013
300 _a452
650 _aB.Tech(CE)
942 _2ddc
_cBK
_02